Burger King Locations around the world- Sudden Death - Statistics

General Stats
  • This quiz has been taken 114 times
  • The average score is 9 of 14
Answers on the Grid
Answers color-coded by a green-red scale on the quiz's grid according to % correct below.
India
Japan
U.S.A
Canada
Brazil
Kenya
Nepal
Uzbekistan
South Korea
Turkiye
Serbia
Egypt
Iran
Iraq
Bangladesh
Algeria
Bhutan
France
Germany
Spain
 
Answer Stats
Answer % Correct
U.S.A
96%
Canada
93%
Brazil
86%
France
84%
Germany
84%
Japan
84%
Spain
79%
South Korea
74%
India
73%
Turkiye
60%
Egypt
46%
Kenya
30%
Iraq
21%
Bangladesh
19%
No matching quizzes found
Score Distribution
Percent of People with Each Score
Percentile by Number Answered
Your Score History
You have not taken this quiz